Most Common Cancers in the World - Statistics

General Stats
  • This quiz has been taken 457 times
  • The average score is 7 of 13
Answer Stats
Rank Cancer Percentage % Correct
1 Lung 13%
95%
2 Breast 11.9%
85%
6 Liver 5.6%
74%
5 Stomach 6.8%
70%
4 Prostate 7.9%
67%
3 Colon 9.7%
57%
12 Kidney 2.4%
57%
11 Leukemia 2.5%
51%
12 Pancreas 2.4%
50%
9 Bladder 3.1%
34%
7 Cervical 3.7%
28%
8 Oesophagus 3.2%
26%
10 Non-Hodgkin lymphoma 2.7%
3%
No matching quizzes found
Score Distribution
Percent of People with Each Score
Percentile by Number Answered
Your Score History
You have not taken this quiz